[Event "Cardinal op"]
[Site "Columbus"]
[Date "2018.01.28"]
[Round "5"]
[White "Belous, Vladimir"]
[Black "Baker, Vincent J"]
[Result "1-0"]
[WhiteElo "2567"]
[BlackElo "2147"]
[PlyCount "79"]
[EventDate "2018.01.26"]
[EventType "swiss"]
[EventRounds "5"]
[EventCountry "USA"]
[SourceTitle "EXT 2023"]
[Source "ChessBase"]
[SourceDate "2022.10.05"]
[SourceVersion "1"]
[SourceVersionDate "2022.10.05"]
[SourceQuality "1"]

1. d4 Nf6 2. c4 e6 3. Nc3 Bb4 4. f3 d5 5. a3 Bxc3+ 6. bxc3 c5 7. cxd5 Nxd5 8. dxc5 Qa5 9. e4 Ne7 10. Qb3 0-0 11. Be3 e5 12. Bb5 Na6 13. Ne2 Be6 14. Bc4 Bxc4 15. Qxc4 Rac8 16. Rb1 b6 17. Qb5 Qxb5 18. Rxb5 Nxc5 19. Bxc5 Rxc5 20. Rxc5 bxc5 21. Kd2 Nc6 22. Rb1 Na5 23. Rb5 Rd8+ 24. Ke1 Nc4 25. Rxc5 Nxa3 26. Rxe5 Nc4 27. Rc5 Nb2 28. Ra5 Nd3+ 29. Kd2 Nf4+ 30. Nd4 Nxg2 31. Rxa7 g5 32. Ke2 Rb8 33. Nf5 Rb2+ 34. Kd3 Ne1+ 35. Kc4 f6 36. Nh6+ Kh8 37. Ng4 Rb6 38. Kc5 Re6 39. Kd5 Rb6 40. c4 1-0

[Event "Dayton Wright Brothers op 5th"]
[Site "Dayton"]
[Date "2017.10.14"]
[Round "2"]
[White "Baker, Vincent J"]
[Black "Balyan, Aryan"]
[Result "1-0"]
[WhiteElo "2093"]
[BlackElo "1846"]
[PlyCount "103"]
[EventDate "2017.10.13"]
[EventType "swiss"]
[EventRounds "5"]
[EventCountry "USA"]
[SourceTitle "CBM 181 Extra"]
[Source "ChessBase"]
[SourceDate "2017.12.12"]
[SourceVersion "1"]
[SourceVersionDate "2017.12.12"]
[SourceQuality "1"]

1. e4 e5 2. Nf3 Nc6 3. Bb5 Nf6 4. d3 Bc5 5. c3 d6 6. 0-0 0-0 7. Nbd2 a6 8. Ba4 h6 9. h3 b5 10. Bc2 Bb6 11. Re1 Ne7 12. d4 Ng6 13. Nf1 Re8 14. Ng3 Bb7 15. a4 c5 16. d5 c4 17. Nf5 Ne7 18. N3h4 Bc8 19. Nxe7+ Qxe7 20. axb5 Ng4 21. hxg4 Qxh4 22. Be3 Bxg4 23. f3 Bxe3+ 24. Rxe3 Qg3 25. bxa6 Bh3 26. Qe2 Reb8 27. f4 Bg4 28. Rxg3 Bxe2 29. fxe5 dxe5 30. Ra2 Rb6 31. Kf2 Bh5 32. a7 Rb7 33. Ke1 Raxa7 34. Rxa7 Rxa7 35. b4 cxb3 36. Bxb3 Bg6 37. Bc2 Ra1+ 38. Kd2 Kf8 39. c4 Ke7 40. c5 Kd7 41. Rc3 Ra7 42. Rc4 f6 43. Ba4+ Kd8 44. d6 Be8 45. Bxe8 Kxe8 46. c6 Ra8 47. Kc3 Kd8 48. Kb4 g5 49. Kb5 Rb8+ 50. Ka6 Ra8+ 51. Kb7 Rc8 52. g4 1-0

[Event "PRO League Stage"]
[Site "Chess.com INT"]
[Date "2017.02.22"]
[Round "7"]
[White "Baker, Vincent J"]
[Black "Studen, Damir"]
[Result "0-1"]
[WhiteElo "1960"]
[BlackElo "2223"]
[PlyCount "90"]
[EventDate "2017.01.11"]
[EventType "team-swiss (rapid)"]
[EventRounds "7"]
[EventCountry "USA"]
[SourceTitle "EXT 2018"]
[Source "ChessBase"]
[SourceDate "2017.10.13"]
[SourceVersion "1"]
[SourceVersionDate "2017.10.13"]
[SourceQuality "1"]
[WhiteTeam "Columbus Cardinals"]
[BlackTeam "Atlanta Kings"]
[WhiteTeamCountry "USA"]
[BlackTeamCountry "USA"]

1. e4 d5 2. exd5 Qxd5 3. Nc3 Qd6 4. d4 Nf6 5. Bc4 c6 6. Nge2 Bg4 7. f3 Bh5 8. Bf4 Qb4 9. Bb3 e6 10. Qd2 Nd5 11. Bg3 Nxc3 12. Nxc3 Nd7 13. 0-0 Be7 14. a3 Qb6 15. Ne4 0-0 16. Kh1 Nf6 17. Rae1 Rfd8 18. Be5 Nd7 19. Bg3 Nf8 20. Bf2 Qc7 21. c3 c5 22. Rc1 c4 23. Bc2 Bg6 24. Bg3 Qa5 25. f4 b5 26. Rce1 Qb6 27. Qc1 a5 28. Nf2 b4 29. Bxg6 hxg6 30. Qc2 bxa3 31. bxa3 Bxa3 32. Rb1 Qc6 33. Ra1 Be7 34. Rfb1 Nd7 35. Ng4 Bd6 36. Ne5 Bxe5 37. fxe5 Rdb8 38. Rf1 Nf8 39. Rf2 a4 40. Raf1 Ra7 41. Bh4 a3 42. Qa2 Rb3 43. Rc1 Qb6 44. Rfc2 Rb2 45. Rxb2 axb2 0-1

[Event "PRO League Stage"]
[Site "Chess.com INT"]
[Date "2017.02.11"]
[Round "5"]
[White "Baker, Vincent J"]
[Black "Sorungbe, Ademola"]
[Result "0-1"]
[WhiteElo "1960"]
[BlackElo "2234"]
[PlyCount "64"]
[EventDate "2017.01.11"]
[EventType "team-swiss (rapid)"]
[EventRounds "7"]
[EventCountry "USA"]
[SourceTitle "CBM 176 Extra"]
[Source "ChessBase"]
[SourceDate "2017.03.02"]
[SourceVersion "1"]
[SourceVersionDate "2017.03.02"]
[SourceQuality "1"]
[WhiteTeam "Columbus Cardinals"]
[BlackTeam "Abuja Rockstars"]
[WhiteTeamCountry "USA"]
[BlackTeamCountry "NGR"]

1. e4 e5 2. Nf3 Nc6 3. Bb5 g6 4. 0-0 Bg7 5. c3 Nge7 6. d4 exd4 7. cxd4 a6 8. Ba4 b5 9. Bb3 Na5 10. Be3 d6 11. Nc3 0-0 12. a4 b4 13. Nd5 Nxb3 14. Qxb3 Nxd5 15. exd5 a5 16. Rac1 Bb7 17. Rc2 Qd7 18. Rfc1 Rfc8 19. Nd2 f5 20. h3 Qf7 21. Rc6 Bxc6 22. Rxc6 f4 23. Ne4 fxe3 24. fxe3 h6 25. Qc4 Qd7 26. b3 Qe7 27. Nxd6 Qxe3+ 28. Kh1 Bxd4 29. Qf1 Rf8 30. Nf5 Rxf5 31. Rxg6+ Kh7 32. Qxf5 Qg1# 0-1

[Event "PRO League Atlantic"]
[Site "Chess.com INT"]
[Date "2017.01.25"]
[Round "3"]
[White "Yang, Kaiqi"]
[Black "Baker, Vincent J"]
[Result "1-0"]
[WhiteElo "2401"]
[BlackElo "1960"]
[PlyCount "53"]
[EventDate "2017.01.11"]
[EventType "team-swiss (rapid)"]
[EventRounds "7"]
[EventCountry "USA"]
[SourceTitle "CBM 176 Extra"]
[Source "ChessBase"]
[SourceDate "2017.03.02"]
[SourceVersion "1"]
[SourceVersionDate "2017.03.02"]
[SourceQuality "1"]
[WhiteTeam "Toronto Dragons"]
[BlackTeam "Columbus Cardinals"]
[WhiteTeamCountry "CAN"]
[BlackTeamCountry "USA"]

1. e4 c5 2. Nf3 Nc6 3. Bb5 g6 4. 0-0 Bg7 5. Re1 Nf6 6. e5 Nd5 7. Nc3 Nc7 8. a4 0-0 9. d3 a6 10. Bc4 d5 11. exd6 exd6 12. Bg5 Qd7 13. Nd5 Nxd5 14. Bxd5 Ne5 15. c3 h6 16. Bf4 Qc7 17. d4 Nxf3+ 18. Qxf3 cxd4 19. cxd4 g5 20. Bg3 Bxd4 21. Rac1 Qb6 22. a5 Qxa5 23. Bxd6 g4 24. Qe4 Bg7 25. Bxf8 Bxf8 26. Qg6+ Kh8 27. Qxf7 1-0